프리미어 리그에 참가했던 모든 팀들 - Statistics

General Stats
  • This quiz has been taken 10 times
  • The average score is 38 of 51
Answer Stats
팀명 % Correct
아스날
100%
아스톤 빌라
100%
본머스
100%
브렌트포드
100%
번리
100%
첼시
100%
크리스탈 팰리스
100%
에버튼
100%
리즈 유나이티드
100%
리버풀
100%
맨체스터 시티
100%
맨체스터 유나이티드
100%
노팅엄 포레스트
100%
선덜랜드
100%
토트넘 홋스퍼
100%
웨스트 햄 유나이티드
100%
울버햄튼 원더러스
100%
블랙번 로버스
86%
볼튼 원더러스
86%
브라이튼&호브 앨비언
86%
헐 시티
86%
뉴캐슬 유나이티드
86%
퀸즈 파크 레인저스
86%
사우스햄튼
86%
스완지 시티
86%
버밍엄 시티
71%
블랙풀
71%
코번트리 시티
71%
더비 카운티
71%
풀럼
71%
입스위치 타운
71%
레스터 시티
71%
미들즈브러
71%
노리치 시티
71%
셰필드 유나이티드
71%
카디프 시티
57%
찰튼 애슬래틱
57%
루턴 타운
57%
포츠머스
57%
스토크 시티
57%
왓포드
57%
웨스트 브롬위치 앨비언
57%
반즐리
43%
허더스필드 타운
43%
레딩
43%
셰필드 웬즈데이
43%
위건 애슬래틱
43%
윔블던
43%
브래드포드 시티
29%
올덤 애슬래틱
29%
스윈던 타운
29%
No matching quizzes found
Score Distribution
Percent of People with Each Score
Percentile by Number Answered
Your Score History
You have not taken this quiz